College algebra / (Record no. 51764)

MARC details
000 -LEADER
fixed length control field 00831cam a22002774a 4500
001 - CONTROL NUMBER
control field 12812036
003 - CONTROL NUMBER IDENTIFIER
control field OSt
005 - DATE AND TIME OF LATEST TRANSACTION
control field 20171123095221.0
008 - FIXED-LENGTH DATA ELEMENTS--GENERAL INFORMATION
fixed length control field 020610s2003 scua 001 0 eng
010 ## - LIBRARY OF CONGRESS CONTROL NUMBER
LC control number 2002108264
020 ## - INTERNATIONAL STANDARD BOOK NUMBER
International Standard Book Number 9781932628272
035 ## - SYSTEM CONTROL NUMBER
System control number (DLC) 2002108264
040 ## - CATALOGING SOURCE
Original cataloging agency DLC
Transcribing agency DLC
Modifying agency DLC
042 ## - AUTHENTICATION CODE
Authentication code pcc
050 00 - LIBRARY OF CONGRESS CALL NUMBER
Classification number QA152.3
Item number .S58 2008
082 00 - DEWEY DECIMAL CLASSIFICATION NUMBER
Classification number 512
Edition number 22
100 1# - MAIN ENTRY--PERSONAL NAME
Personal name Sisson, Paul.
245 10 - TITLE STATEMENT
Title College algebra /
Statement of responsibility, etc Paul Sisson.
260 ## - PUBLICATION, DISTRIBUTION, ETC. (IMPRINT)
Place of publication, distribution, etc Charleston, SC :
Name of publisher, distributor, etc Hawkes Pub.,
Date of publication, distribution, etc c2008
300 ## - PHYSICAL DESCRIPTION
Extent xx, 876 p. :
Other physical details col. ill. ;
Dimensions 26 cm.
500 ## - GENERAL NOTE
General note Includes indexes.
650 #0 - SUBJECT ADDED ENTRY--TOPICAL TERM
Topical term or geographic name as entry element Algebra.
906 ## - LOCAL DATA ELEMENT F, LDF (RLIN)
a 7
b cbc
c orignew
d 3
e epcn
f 20
g y-gencatlg
942 ## - ADDED ENTRY ELEMENTS (KOHA)
Source of classification or shelving scheme Library of Congress Classification
Koha item type Book
Holdings
Withdrawn status Lost status Source of classification or shelving scheme Damaged status Not for loan Collection code Home library Current library Shelving location Date acquired Source of acquisition Cost, normal purchase price Total Checkouts Full call number Barcode Date checked out Copy number Price effective from Koha item type
    Library of Congress Classification     Non-fiction Nairobi Campus Nairobi Campus General Circulation 23/11/2017 Donation-BFA 2358.00 1 QA152.3 .S58 2008 056823 27/02/2018 1 23/11/2017 Book